| 000 | 00396nam a22001457a 4500 | ||
|---|---|---|---|
| 005 | 20200610143510.0 | ||
| 008 | 200610b xxu||||| |||| 00| 0 eng d | ||
| 082 | _a345.4 AIR | ||
| 110 |
_aALL INDIA REPORTER _95936 |
||
| 245 | _aALL INDIA REPORTER ,[1977 ][VOL-64] BOMBAY SECTION 512;p | ||
| 260 |
_aBOMBAY _bALL INDIA REPORTER, PVT LTD. |
||
| 300 | _a512;p | ||
| 650 |
_aLAW _95701 |
||
| 942 | _cJRL | ||
| 999 |
_c6998 _d6996 |
||